| 000 | 00358nam a2200145Ia 4500 | ||
|---|---|---|---|
| 008 | 191201s2009 xx 000 0 und d | ||
| 082 |
_a005.74 _bSID |
||
| 100 | _aSINGH, S K | ||
| 245 | 0 | _aDatabase Systems Concepts, Design and Applications | |
| 250 | _a3rd | ||
| 260 |
_aN.Delhi _bPearson _c2009 |
||
| 300 | _a867 | ||
| 650 | _aB.Tech(IT) | ||
| 942 |
_2ddc _cBK |
||
| 999 |
_c3606 _d3606 |
||